000 00653nam a2200181 i 4500
001 81331
003 ES-MaACL
005 20230906174421.0
007 t|
008 041104s1952 sp ||||1| spa d
100 1 _aHoyos Sáinz, Luis de,
_d1868-1951
_964437
245 1 4 _aLos tipos raciales regionales actuales
_b: las bases para el establecimiento de las regiones españolas /
_cpor Luis de Hoyos Sáinz.
260 _aMadrid :
_b[s.n.,
_c1952]
300 _a52 p. ;
_c24 cm.
500 _aEs separata de: Revista de Antropología y Etnología. T. /, 1952. Pág. 365-416.
852 _aES-MaACL
_j1973-F-11
_bR.37252
999 _c81331
_d81331